Názvy společností a jejich vliv na výkonnost firem

Odhad vplyvu mena spoločností na výkonnosť firiem pri aktuálnom zhrnutí všetkých dôležitých determinantov vrátane rastu odvetvia a niektorých firemných charakteristík.

Gespeichert in:
Bibliographische Detailangaben
1. Verfasser: Hanousek, Jan
Weitere Verfasser: Jurajda, Štěpán
Format: Buchkapitel
Sprache:Tschechisch
Schlagworte:
Tags: Tag hinzufügen
Keine Tags, Fügen Sie das erste Tag hinzu!

MARC

LEADER 00000naa a2200000 4500
001 0250231
005 20221104112120.3
041 0 |a cze 
044 |a CZ 
245 1 0 |a Názvy společností a jejich vliv na výkonnost firem  |c Jan Hanousek, Štěpán Jurajda 
520 |a Odhad vplyvu mena spoločností na výkonnosť firiem pri aktuálnom zhrnutí všetkých dôležitých determinantov vrátane rastu odvetvia a niektorých firemných charakteristík. 
610 2 0 |a spoločnosti 
610 2 0 |a meno obchodné 
610 2 0 |a výkonnosť podniku 
610 2 0 |a výkony podnikové 
610 2 0 |a meranie výkonnosti 
610 2 0 |a výskum marketingový 
610 2 0 |a analýza regresná 
100 1 |a Hanousek, Jan 
700 1 |a Jurajda, Štěpán